[Event "New Delhi Parsvnath op-B 16th"]
[Site "New Delhi"]
[Date "2018.01.12"]
[Round "10"]
[White "Subhra, Saha"]
[Black "Sharma, Pankaj"]
[Result "1-0"]
[WhiteElo "1727"]
[BlackElo "1940"]
[PlyCount "53"]
[EventDate "2018.01.09"]
[EventType "swiss"]
[EventRounds "10"]
[EventCountry "IND"]
[SourceTitle "CBM 182 Extra"]
[Source "ChessBase"]
[SourceDate "2018.02.23"]
[SourceVersion "1"]
[SourceVersionDate "2018.02.23"]
[SourceQuality "1"]

1. Nf3 g6 2. d4 Bg7 3. e3 d5 4. Bd3 Nf6 5. Nbd2 0-0 6. 0-0 Nc6 7. a3 e5 8. Nxe5 Nxe5 9. dxe5 Ng4 10. Nf3 Nxe5 11. Nxe5 Bxe5 12. f4 Bg7 13. f5 c6 14. Qf3 Bxf5 15. Bxf5 gxf5 16. Qxf5 Qd6 17. Rf3 Rae8 18. Bd2 Qg6 19. Bb4 Bxb2 20. Rb1 Bg7 21. Bxf8 Qxf5 22. Rxf5 Bxf8 23. Rxb7 Rxe3 24. Rg5+ Kh8 25. Rb8 h6 26. Rxf8+ Kh7 27. Rxf7+ 1-0

[Event "New Delhi Parsvnath op-B 16th"]
[Site "New Delhi"]
[Date "2018.01.10"]
[Round "6"]
[White "Sharma, Pankaj"]
[Black "Lama, Milan"]
[Result "1-0"]
[WhiteElo "1940"]
[BlackElo "1836"]
[PlyCount "63"]
[EventDate "2018.01.09"]
[EventType "swiss"]
[EventRounds "10"]
[EventCountry "IND"]
[SourceTitle "CBM 182 Extra"]
[Source "ChessBase"]
[SourceDate "2018.02.23"]
[SourceVersion "1"]
[SourceVersionDate "2018.02.23"]
[SourceQuality "1"]

1. Nf3 c5 2. c4 Nc6 3. g3 g6 4. Bg2 Bg7 5. Nc3 Nf6 6. 0-0 d6 7. d4 cxd4 8. Nxd4 Bd7 9. b3 0-0 10. Bb2 Qc8 11. Rc1 Nxd4 12. Qxd4 Bc6 13. Nd5 Bxd5 14. cxd5 Qd8 15. Qd2 Qd7 16. Bd4 a6 17. Rc3 Rfc8 18. Rfc1 Ne8 19. Bxg7 Kxg7 20. Qd4+ Kg8 21. h4 Rxc3 22. Qxc3 b5 23. h5 Ra7 24. hxg6 hxg6 25. Qe3 Rc7 26. Rd1 Rc5 27. Rd4 Ng7 28. Qg5 Qe8 29. Rh4 Nf5 30. Rf4 f6 31. Qg4 Nh6 32. Qh3 1-0

[Event "IND-chT 37th"]
[Site "Bhopal"]
[Date "2017.02.02"]
[Round "1.3"]
[White "Sharma, Pankaj"]
[Black "Narayanan, Srinath"]
[Result "0-1"]
[WhiteElo "1849"]
[BlackElo "2474"]
[PlyCount "106"]
[EventDate "2017.02.02"]
[EventType "team-swiss"]
[EventRounds "9"]
[EventCountry "IND"]
[SourceTitle "CBM 176 Extra"]
[Source "ChessBase"]
[SourceDate "2017.03.02"]
[SourceVersion "1"]
[SourceVersionDate "2017.03.02"]
[SourceQuality "1"]
[WhiteTeam "Punjab State"]
[BlackTeam "Air India"]
[WhiteTeamCountry "IND"]
[BlackTeamCountry "IND"]

1. e4 c5 2. Nf3 d6 3. d4 cxd4 4. Nxd4 Nf6 5. Nc3 a6 6. Be2 e5 7. Nb3 Be7 8. 0-0 0-0 9. Kh1 b5 10. a4 Bb7 11. Nd5 Nxd5 12. exd5 b4 13. a5 Nd7 14. Ra4 Nf6 15. Bc4 Rc8 16. Rxb4 Rc7 17. Rxb7 Rxb7 18. Bxa6 Rc7 19. Be3 Qa8 20. Bb6 Qxa6 21. Bxc7 Nxd5 22. Bb6 Nxb6 23. axb6 Qxb6 24. Qd2 Rc8 25. Rd1 Qb5 26. h3 h6 27. f4 Qc4 28. fxe5 dxe5 29. Qa5 Bg5 30. Na1 e4 31. b3 Qe2 32. Qe1 Qxe1+ 33. Rxe1 Bd2 34. Rxe4 Bc3 35. Ra4 Rd8 36. Kg1 Rd1+ 37. Kf2 Rxa1 38. Rxa1 Bxa1 39. Ke2 Kf8 40. Kd3 Bf6 41. c4 Ke7 42. c5 Ke6 43. Kc4 Be5 44. b4 g5 45. b5 h5 46. b6 f5 47. c6 h4 48. c7 Kd7 49. Kd5 Bh2 50. Kd4 Bg1+ 51. Ke5 Bxb6 52. Kxf5 Be3 53. Kg4 Bf4 0-1